00454nam a2200157Ia 4500003000400000005001700004008004100021040001600062082001600078100002000094245009200114260003000206300001000236650001400246650003600260GCL20240530100335.0140319s9999 xx 000 0 eng d aGCL / cGCL04a796.07bL P1 aLUMPKIN, ANGELA10aPHYSICAL EDUCATION AND SPORT : A CONTEMPORARY INTRODUCTION, 3rd ed. / cLUMPKIN, ANGELA a[S.N] : bMOSBY ، c1994 a397 P04aEDUCATION04aPHYSICAL ADUCATION AND TRAINING